Uchchatar madhyamik shiksha (XII)/ (Record no. 11953)

MARC details
000 -LEADER
fixed length control field 00573nam a22002057a 4500
005 - DATE AND TIME OF LATEST TRANSACTION
control field 20260515115041.0
008 - FIXED-LENGTH DATA ELEMENTS--GENERAL INFORMATION
fixed length control field 240920b |||||||| |||| 00| 0 eng d
020 ## - INTERNATIONAL STANDARD BOOK NUMBER
International Standard Book Number 9789382056379
040 ## - CATALOGING SOURCE
Original cataloging agency IN-DiNC
Transcribing agency IN-DiNC
041 ## - LANGUAGE CODE
Language code of sung or spoken text asm
082 ## - DEWEY DECIMAL CLASSIFICATION NUMBER
Classification number 370
Item number DEK
100 ## - MAIN ENTRY--PERSONAL NAME
Personal name Deka, Nabanita
Relator term author
245 ## - TITLE STATEMENT
Title Uchchatar madhyamik shiksha (XII)/
Statement of responsibility, etc. by Nabanita Deka and Mamoni Gogoi Baruah
250 ## - EDITION STATEMENT
Edition statement 5th ed.
260 ## - PUBLICATION, DISTRIBUTION, ETC.
Place of publication, distribution, etc. Dibrugarh:
Name of publisher, distributor, etc. Banalata,
Date of publication, distribution, etc. 2024.
300 ## - PHYSICAL DESCRIPTION
Extent 227+67p.
650 ## - SUBJECT ADDED ENTRY--TOPICAL TERM
Topical term or geographic name entry element Education (XII)
700 ## - ADDED ENTRY--PERSONAL NAME
Personal name Baruah, Mamoni Gogoi
Relator term author
942 ## - ADDED ENTRY ELEMENTS (KOHA)
Source of classification or shelving scheme Dewey Decimal Classification
Koha item type Books
Holdings
Withdrawn status Lost status Source of classification or shelving scheme Damaged status Not for loan Collection Home library Current library Shelving location Date acquired Cost, normal purchase price Total checkouts Full call number Barcode Date last seen Date last checked out Copy number Price effective from Koha item type
    Dewey Decimal Classification       Naharkatiya College Library Naharkatiya College Library General stacks 09/20/2024 390.00 9 370 DEK 30199 11/15/2025 11/15/2025 1 09/20/2024 Books
    Dewey Decimal Classification       Naharkatiya College Library Naharkatiya College Library General stacks 09/20/2024 390.00 9 370 DEK 30200 12/17/2025 12/06/2025 2 09/20/2024 Books
    Dewey Decimal Classification       Naharkatiya College Library Naharkatiya College Library General stacks 09/20/2024 390.00 9 370 DEK 30201 10/23/2025 10/23/2025 3 09/20/2024 Books